Qui est ce joueur de l'OL ? - Statistiques

Statistiques générales
  • Ce quiz a été pris 109 fois
  • Le résultat moyen est 14 sur 16
Statistiques - réponses
Par images Réponse % Correct
Lopes
100%
Cherki
99%
Lacazette
99%
Caqueret
96%
Tolisso
93%
Matic
89%
Mikautadze
88%
Benrahma
86%
Tagliafico
86%
Perri
84%
Fofana
79%
Orban
78%
Maitland-Niles
77%
Nuamah
77%
Mata
74%
Abner
62%
Aucun quiz correspondant
Distribution des résultats
% des personnes avec chaque résultat
Percentile par nombre de réponses
Votre historique - résultats
Vous n’avez pas pris ce quiz